LAND TENURE,INDUSTRIALIZATION AND SOCIAL STABILITY (Record no. 4911)

MARC details
000 -LEADER
fixed length control field 00384nam a22001457a 4500
003 - CONTROL NUMBER IDENTIFIER
control field OSt
005 - DATE AND TIME OF LATEST TRANSACTION
control field 20210920094544.0
008 - FIXED-LENGTH DATA ELEMENTS--GENERAL INFORMATION
fixed length control field 210920b |||||||| |||| 00| 0 eng d
040 ## - CATALOGING SOURCE
Transcribing agency HAWASSA UNIVERSITY
050 ## - LIBRARY OF CONGRESS CALL NUMBER
Classification number 330/LAN
Item number 1
082 ## - DEWEY DECIMAL CLASSIFICATION NUMBER
Classification number 330/LAN
Item number 1
245 ## - TITLE STATEMENT
Title LAND TENURE,INDUSTRIALIZATION AND SOCIAL STABILITY
260 ## - PUBLICATION, DISTRIBUTION, ETC.
Place of publication, distribution, etc. UNITED STATES OF AMERICA
Date of publication, distribution, etc. 1961
942 ## - ADDED ENTRY ELEMENTS (KOHA)
Source of classification or shelving scheme Dewey Decimal Classification
Koha item type Books like text book referance book
Suppress in OPAC No
Holdings
Withdrawn status Lost status Source of classification or shelving scheme Damaged status Not for loan Home library Current library Date acquired Total Checkouts Full call number Barcode Date last seen Copy number Price effective from Koha item type
    Dewey Decimal Classification     College of Agriculture Library College of Agriculture Library 09/20/2021   330/LAN ALIB0002259 09/20/2021 2 09/20/2021 Books like text book referance book